[Event "Chigorin Memorial 23rd"]
[Site "St Petersburg"]
[Date "2015.10.10"]
[Round "8"]
[White "Tugarin, Anton"]
[Black "Kotlyar, Kirill"]
[Result "1-0"]
[WhiteElo "2177"]
[BlackElo "2370"]
[PlyCount "65"]
[EventDate "2015.10.03"]
[EventType "swiss"]
[EventRounds "9"]
[EventCountry "RUS"]
[SourceTitle "CBM 168 Extra"]
[Source "ChessBase"]
[SourceDate "2015.10.29"]
[SourceVersion "1"]
[SourceVersionDate "2015.10.29"]
[SourceQuality "1"]

1. Nf3 Nf6 2. c4 g6 3. Nc3 d5 4. d4 Bg7 5. cxd5 Nxd5 6. e4 Nxc3 7. bxc3 c5 8. Be3 Qa5 9. Qd2 0-0 10. Rc1 Nc6 11. d5 Rd8 12. h4 e6 13. h5 exd5 14. hxg6 hxg6 15. Bh6 dxe4 16. Bxg7 Kxg7 17. Qh6+ Kf6 18. Qh4+ Kg7 19. Ng5 Bf5 20. Nh7 Rd1+ 21. Kxd1 Qd8+ 22. Ke2 Qxh4 23. Rxh4 Rh8 24. Ke3 g5 25. Rh5 Bg6 26. Rxg5 b6 27. Bc4 Ne7 28. Rh1 f6 29. Rg4 Nf5+ 30. Kf4 Nd6 31. Rd1 Nxc4 32. Rd7+ Kh6 33. Rh4+ 1-0

[Event "Chigorin Memorial 23rd"]
[Site "St Petersburg"]
[Date "2015.10.08"]
[Round "6"]
[White "Tugarin, Anton"]
[Black "Gurvich, Vitaly"]
[Result "1/2-1/2"]
[WhiteElo "2177"]
[BlackElo "2315"]
[PlyCount "101"]
[EventDate "2015.10.03"]
[EventType "swiss"]
[EventRounds "9"]
[EventCountry "RUS"]
[SourceTitle "CBM 168 Extra"]
[Source "ChessBase"]
[SourceDate "2015.10.29"]
[SourceVersion "1"]
[SourceVersionDate "2015.10.29"]
[SourceQuality "1"]

1. Nf3 Nf6 2. c4 g6 3. Nc3 d5 4. cxd5 Nxd5 5. Qb3 Nb6 6. d4 Bg7 7. e4 0-0 8. Be3 Bg4 9. Rd1 Nc6 10. d5 Ne5 11. Be2 Nxf3+ 12. gxf3 Bd7 13. h4 Qe8 14. Nb5 Bxb5 15. Bxb5 c6 16. dxc6 bxc6 17. Be2 Qb8 18. Bd4 Bxd4 19. Rxd4 Qe5 20. Qc3 Rad8 21. Rd3 Qf4 22. Qd2 Qxd2+ 23. Rxd2 e5 24. Rc2 Rd6 25. 0-0 Rfd8 26. Rfc1 Rd2 27. Kf1 Rxc2 28. Rxc2 Rd6 29. Ke1 f6 30. b3 Kf7 31. Rc5 Ke7 32. Bf1 Kd8 33. Ra5 Rd7 34. Bh3 Rc7 35. Rc5 Ke7 36. Kd2 Kd6 37. Rc1 c5 38. Bf1 Rc8 39. Ke3 a5 40. a4 f5 41. f4 exf4+ 42. Kxf4 fxe4 43. Rd1+ Ke7 44. Kxe4 c4 45. bxc4 Nxc4 46. Rd5 Nd6+ 47. Ke3 Rc3+ 48. Kf4 Rc1 49. Be2 Rc2 50. Ke3 Rc3+ 51. Kf4 1/2-1/2

[Event "Voronezh op-A 19th"]
[Site "Voronezh"]
[Date "2015.06.19"]
[Round "8"]
[White "Tugarin, Anton"]
[Black "Obolentseva, Alexandra"]
[Result "1/2-1/2"]
[WhiteElo "2230"]
[BlackElo "2113"]
[PlyCount "85"]
[EventDate "2015.06.12"]
[EventType "swiss"]
[EventRounds "9"]
[EventCountry "RUS"]
[SourceTitle "CBM 167 Extra"]
[Source "ChessBase"]
[SourceDate "2015.09.14"]
[SourceVersion "1"]
[SourceVersionDate "2015.09.14"]
[SourceQuality "1"]

1. Nf3 Nf6 2. c4 g6 3. Nc3 Bg7 4. e4 d6 5. d4 0-0 6. Be2 e5 7. 0-0 exd4 8. Nxd4 Re8 9. f3 Nc6 10. Be3 Nh5 11. Re1 Be5 12. Nxc6 bxc6 13. Bf1 Rb8 14. Qd2 Qf6 15. Rac1 Nf4 16. Kh1 c5 17. b3 c6 18. g3 Ne6 19. Bg2 Bd4 20. Ne2 Bxe3 21. Qxe3 Nd4 22. Red1 Nxe2 23. Qxe2 Bb7 24. Qd2 Rbd8 25. f4 Bc8 26. Bf3 h5 27. Qc3 Qxc3 28. Rxc3 Bg4 29. Kg2 f5 30. exf5 gxf5 31. Rcd3 Bxf3+ 32. Kxf3 Re6 33. R1d2 Kf7 34. Kf2 Ke7 35. Rc3 a5 36. a4 Rh8 37. Re2 Rxe2+ 38. Kxe2 Kd7 39. Kf3 Re8 40. Rc1 Rb8 41. Rc3 Re8 42. Rc1 Rb8 43. Rc3 1/2-1/2

[Event "Voronezh op-A 19th"]
[Site "Voronezh"]
[Date "2015.06.17"]
[Round "6"]
[White "Tugarin, Anton"]
[Black "Sedykh, Egor"]
[Result "1/2-1/2"]
[WhiteElo "2230"]
[BlackElo "1934"]
[PlyCount "83"]
[EventDate "2015.06.12"]
[EventType "swiss"]
[EventRounds "9"]
[EventCountry "RUS"]
[SourceTitle "CBM 167 Extra"]
[Source "ChessBase"]
[SourceDate "2015.09.14"]
[SourceVersion "1"]
[SourceVersionDate "2015.09.14"]
[SourceQuality "1"]

1. d4 Nf6 2. Bg5 d5 3. Nf3 c6 4. e3 Qb6 5. Qc1 Ne4 6. Bf4 Nd7 7. Be2 Ndf6 8. 0-0 e6 9. c4 c5 10. Nc3 dxc4 11. Bxc4 Bd7 12. Ne5 Nd6 13. Nxd7 Nxd7 14. dxc5 Nxc5 15. Be2 Be7 16. Qc2 Rc8 17. Rac1 0-0 18. Qb1 Bf6 19. Rfd1 Nf5 20. e4 Nd4 21. Bg4 Rfd8 22. e5 g5 23. exf6 gxf4 24. b4 Nd7 25. Qe4 Nxf6 26. Qxf4 Nxg4 27. Qxg4+ Kf8 28. Ne4 Rxc1 29. Rxc1 f5 30. Qh4 fxe4 31. Qh6+ Ke8 32. Qh5+ Ke7 33. Qxh7+ Kd6 34. Kh1 Rd7 35. Qxe4 Qxb4 36. f4 Qd2 37. Qe5+ Ke7 38. Qg7+ Kd6 39. Qe5+ Ke7 40. Qg7+ Kd6 41. Qe5+ Ke7 42. Qg7+ 1/2-1/2

[Event "Buryatia-ch 3rd"]
[Site "Ulan-Ude"]
[Date "2015.01.08"]
[Round "7"]
[White "Samdanov, Samdan"]
[Black "Tugarin, Anton"]
[Result "1-0"]
[WhiteElo "2336"]
[BlackElo "2240"]
[PlyCount "139"]
[EventDate "2015.01.05"]
[EventType "swiss"]
[EventRounds "9"]
[EventCountry "RUS"]
[SourceTitle "CBM 164 Extra"]
[Source "ChessBase"]
[SourceDate "2015.03.02"]
[SourceVersion "1"]
[SourceVersionDate "2015.03.02"]
[SourceQuality "1"]

1. d4 e6 2. c4 f5 3. Nc3 Nf6 4. Qc2 Bb4 5. a3 Bxc3+ 6. Qxc3 b6 7. e3 Bb7 8. Nh3 0-0 9. f3 c5 10. b4 Qe7 11. Be2 d6 12. Bb2 Nbd7 13. dxc5 bxc5 14. b5 a6 15. a4 axb5 16. axb5 Nb6 17. Qc2 Rxa1+ 18. Bxa1 Ra8 19. 0-0 Ra3 20. Bb2 Ra2 21. Bd3 Nfd7 22. Qb3 Ra4 23. Ra1 Rxa1+ 24. Bxa1 d5 25. Nf4 Nf6 26. cxd5 Nfxd5 27. Nxd5 Nxd5 28. Be2 Qg5 29. Bb2 Qxe3+ 30. Qxe3 Nxe3 31. Ba3 Nd5 32. Bxc5 Kf7 33. Bd4 g6 34. Kf2 Ke7 35. Be5 Nb6 36. h4 Nd7 37. Bc7 Nf6 38. g4 Nd5 39. Be5 Kd7 40. g5 Nb6 41. Ke3 Kc8 42. Kd4 Nd7 43. f4 Bd5 44. h5 Kd8 45. h6 Ke7 46. Bc7 Bb7 47. Bc4 Nf8 48. Ba5 Nd7 49. Bb4+ Kf7 50. Bc5 Bc8 51. Be2 Bb7 52. Bd6 Ke8 53. Bc7 Ke7 54. Kc4 Bd5+ 55. Kb4 e5 56. fxe5 Ke6 57. Bc4 Nxe5 58. Bxd5+ Kxd5 59. Bxe5 Kxe5 60. Kc5 Ke6 61. Kc6 f4 62. b6 Kf5 63. b7 Kxg5 64. b8Q Kg4 65. Kd5 g5 66. Ke4 Kh5 67. Kf3 Kg6 68. Kg4 Kxh6 69. Qf8+ Kg6 70. Qf5+ 1-0